000 00700nam a2200253Ia 4500
003 OSt
005 20221005085040.0
006 a|||||r|||| 00| 0
007 ta
008 221004b |||||||| |||| 00| 0 eng d
020 _a0231052499 (pbk)
024 _a122333
037 _bGift, 27/10/2012,
_cTextual
040 _aCRL
_cCRL
_beng
041 _2eng
_aeng
082 _aW:5xM21:g, N6
100 _aRawls John
245 0 _aPolitical liberalism
260 _aNew York
_bColoumbia University Press USA
_c1996
300 _alxii,464p.
_ccm.
650 _aPOLITICAL SCIENCE
942 _hW:5xM21:g, N6
_cTEXL
_2cc
999 _c993551
_d993551